000 00427nab a22001457 4500
003 ES-SlBCS
005 20210327224226.0
008 181204s2018 sp ||||| |||| 00| 0 spa d
040 _aES-SlBCS
_bspa
041 _aspa
100 1 _aEdenhofer, Ottmar
_9114001
245 1 3 _aLa lucha por los bienes comunes globales
_cOttmar Edenhofer
773 0 _gNúm. 378, 2018, págs. 25-36
_tConcilium
_wRev134
_x0210-1041
942 _2lcc
_cAR
999 _c477383
_d477383